00483nam a2200193 a 4500001001300000003000900013005001700022008004100039020000900080082001700089100001400106245003200120260003200152300000800184500003500192505002800227650002000255700001400275nice12345678IN_TiNIC20260116012939.0050524s1985 dela grp 000 0 eng  ac4000a297.4bGHA14 aGhazali,  aMysteries of the Human Soul aDelhibNoor Pu. Housec1985 a81p aincludes index and biblioraphy2 aAppendix, Biblio, Index aSufism-Al-Alawi1 aGhazali,